Sports Quiz

Random Sports or Cricket Quiz
Score 0/33 Timer 07:00
3 Plays Today
Runs Player % Correct
754Virat Kohli
97.3%
568Steve Smith
93.7%
465David Warner
93.2%
673Aaron Finch
89.6%
457Rohit Sharma
89.1%
628KL Rahul
79.5%
768Shai Hope
78.6%
328Shikhar Dhawan
78%
250Eoin Morgan
70.9%
346Jonny Bairstow
70.2%
367Babar Azam
69.2%
353Glenn Maxwell
65.5%
597Shreyas Iyer
54.7%
331Tamim Iqbal
50.4%
299Ravindra Jadeja
47.9%
473Marnus Labuschagne
45.7%
565Nicholas Pooran
41.2%
Runs Player % Correct
287Alex Carey
39.9%
274Shimron Hetmyer
37.5%
269Kusal Perera
33.4%
332Kusal Mendis
29.3%
315Sam Billings
25.3%
469Evin Lewis
24.1%
259Craig Williams
20.4%
311Liton Das
19.9%
287Roston Chase
17.7%
327Kyle Coetzer
14.2%
305Avishka Fernando
10.9%
252Richie Berrington
3.6%
414Aaron Jones
2.8%
356Assad Vala
2%
610Aqib Ilyas
1.8%
276JP Kotze
0.8%
Remove Ads.
Support Sporcle.
Get the best of Sporcle when you Go Orange. This ad-free experience offers more features, more stats, and more fun while also helping to support Sporcle. Thank you for becoming a member.

You're not logged in!

Compare scores with friends on all Sporcle quizzes.
OR
Log In

Show Comments

Extras

Created Dec 3, 2020ReportNominate
Tags:Cricket Quiz

Top Quizzes Today


Score Distribution

Your Account Isn't Verified!

In order to create a playlist on Sporcle, you need to verify the email address you used during registration. Go to your Sporcle Settings to finish the process.

Report this User

Report this user for behavior that violates our Community Guidelines.

Details: